ロード中...
New media handbook /
| 第一著者: | |
|---|---|
| その他の著者: | |
| フォーマット: | Printed Book |
| 言語: | English |
| 出版事項: |
London:
Routledge,
2006.
|
| 主題: |
| LEADER | 00572cam a2200193ua 4500 | ||
|---|---|---|---|
| 008 | 121119t2006||||||||||| 00 ||eng c | ||
| 041 | 0 | |a eng | |
| 082 | |a 302.231 |b DEW/N | ||
| 100 | |a Dewdney,, Andrew | ||
| 245 | 1 | 0 | |a New media handbook / |
| 260 | |a London: |b Routledge, |c 2006. | ||
| 300 | |a 329p.. | ||
| 362 | 1 | |a 2006. | |
| 650 | |a Media | ||
| 650 | 0 | |a Communication studies | |
| 700 | 0 | 2 | |a Ride,, Peter |
| 942 | |c BK | ||
| 999 | |c 27954 |d 27954 | ||
| 952 | |0 0 |1 0 |4 0 |6 302_231000000000000_DEW |7 0 |9 29731 |a KUCL |b KUCL |d 2014-05-23 |l 2 |o 302.231 DEW/ |p 29254 |r 2017-01-04 |s 2016-08-27 |w 2014-05-23 |y BK | ||